00431nam a2200133Ia 4500008004100000041001200041100001500053245005900068260000600127650000700133942000700140999001700147952013300164221030s9999 xx 000 0 und d aEnglish aS. R. Nair 0aOrganisational Behaviour - Text & Casescby S. R. Nair c0 aMb cBK c13909d13909 pMB 797l0r2022-10-30 00:00:00w2022-10-30yBK003Print4070aMIETLIBbMIETLIBcBL-, FL-, CUP-0, SH-0, R-0d2012-12-0410HMBA